[Event "Medellin Sub zt 2.3.2"]
[Site "Medellin"]
[Date "2025.04.19"]
[Round "9"]
[White "Valderrama Castano, Julian Camilo"]
[Black "Castano, Jhon Edison"]
[Result "1/2-1/2"]
[WhiteElo "1928"]
[BlackElo "2036"]
[PlyCount "58"]
[EventDate "2025.04.14"]
[EventType "swiss"]
[EventRounds "9"]
[EventCountry "COL"]
[SourceTitle "CB18_2025"]
[SourceDate "2025.04.30"]
[SourceVersion "1"]
[SourceVersionDate "2025.04.30"]
[SourceQuality "1"]

1. e4 c5 2. Nc3 d6 3. d4 cxd4 4. Qxd4 a6 5. b3 Nc6 6. Qd2 Nf6 7. Bb2 e6 8. 0-0-0 Be7 9. f3 Qa5 10. Kb1 b5 11. g4 h6 12. Bg2 Bb7 13. h3 Rc8 14. Nge2 b4 15. Na4 Ne5 16. Nd4 Nc4 17. Qe2 Nxb2 18. Nxb2 0-0 19. h4 Qe5 20. Qf2 Rc3 21. Rd2 Qa5 22. Re1 Rfc8 23. Bf1 R3c7 24. Bd3 Bf8 25. Nc4 Qc5 26. g5 hxg5 27. hxg5 Qxg5 28. Rh1 Nh5 29. f4 Qh6 1/2-1/2

[Event "Medellin Sub zt 2.3.2"]
[Site "Medellin"]
[Date "2025.04.18"]
[Round "7"]
[White "Castano, Jhon Edison"]
[Black "Gutierrez, Jhon Jaime"]
[Result "0-1"]
[WhiteElo "2036"]
[BlackElo "1850"]
[PlyCount "64"]
[EventDate "2025.04.14"]
[EventType "swiss"]
[EventRounds "9"]
[EventCountry "COL"]
[SourceTitle "CB18_2025"]
[SourceDate "2025.04.30"]
[SourceVersion "1"]
[SourceVersionDate "2025.04.30"]
[SourceQuality "1"]

1. d4 e6 2. c4 d5 3. cxd5 exd5 4. Nc3 c6 5. Qc2 Nf6 6. Bg5 Be7 7. Nf3 Nbd7 8. e3 Nh5 9. Bxe7 Qxe7 10. 0-0-0 Nhf6 11. Bd3 0-0 12. g4 g6 13. h4 Nxg4 14. h5 Ndf6 15. Rdg1 Bd7 16. Ne5 Nxe5 17. dxe5 Ng4 18. f4 f5 19. hxg6 hxg6 20. Rh3 Kg7 21. Qg2 Rh8 22. Rgh1 Qc5 23. Kb1 d4 24. exd4 Qxd4 25. Ne2 Qf2 26. Rxh8 Rxh8 27. Qxf2 Rxh1+ 28. Qg1 Rxg1+ 29. Nxg1 Be6 30. Nf3 Bd5 31. Ng5 Kh6 32. b3 Nxe5 0-1

[Event "Medellin Sub zt 2.3.2"]
[Site "Medellin"]
[Date "2025.04.18"]
[Round "8"]
[White "Gallego Herrera, Santiago"]
[Black "Castano, Jhon Edison"]
[Result "0-1"]
[WhiteElo "1805"]
[BlackElo "2036"]
[PlyCount "70"]
[EventDate "2025.04.14"]
[EventType "swiss"]
[EventRounds "9"]
[EventCountry "COL"]
[SourceTitle "CB18_2025"]
[SourceDate "2025.04.30"]
[SourceVersion "1"]
[SourceVersionDate "2025.04.30"]
[SourceQuality "1"]

1. d4 Nf6 2. Nf3 d5 3. c3 Bf5 4. Bf4 e6 5. e3 Bd6 6. Bd3 Bxd3 7. Qxd3 0-0 8. Nbd2 c5 9. Qb5 Bxf4 10. exf4 cxd4 11. Nxd4 Qc7 12. 0-0 Nc6 13. Nxc6 bxc6 14. Qa4 c5 15. g3 Rab8 16. Qc2 Rb6 17. Rfe1 Rfb8 18. b3 a5 19. Rab1 h6 20. h3 Ra8 21. Kh2 Rba6 22. Rb2 a4 23. b4 cxb4 24. Rxb4 Rc8 25. Re3 Qa5 26. Qd3 Rac6 27. Qd4 Qc7 28. f5 exf5 29. Rxa4 Rxc3 30. Ra7 Qc5 31. Qxc5 Rc7 32. Qxc3 Rxc3 33. Ree7 Rc5 34. Rxf7 Ne4 35. Rxg7+ Kh8 0-1

[Event "Medellin Sub zt 2.3.2"]
[Site "Medellin"]
[Date "2025.04.16"]
[Round "5"]
[White "Castano, Jhon Edison"]
[Black "Guzman, Christopher"]
[Result "0-1"]
[WhiteElo "2036"]
[BlackElo "2234"]
[PlyCount "80"]
[EventDate "2025.04.14"]
[EventType "swiss"]
[EventRounds "9"]
[EventCountry "COL"]
[SourceTitle "CB18_2025"]
[SourceDate "2025.04.30"]
[SourceVersion "1"]
[SourceVersionDate "2025.04.30"]
[SourceQuality "1"]

1. d4 Nf6 2. c4 e6 3. Nf3 b6 4. a3 Bb7 5. Nc3 d5 6. cxd5 Nxd5 7. Qc2 Nd7 8. e4 Nxc3 9. bxc3 c5 10. Bd3 Qc8 11. Qe2 cxd4 12. Bb2 dxc3 13. Rc1 Bc5 14. Rxc3 0-0 15. e5 g6 16. h4 Qc7 17. Be4 f5 18. exf6 Nxf6 19. Bxb7 Qxb7 20. Qxe6+ Qf7 21. Qxf7+ Rxf7 22. Rc2 Re7+ 23. Re2 Rxe2+ 24. Kxe2 Re8+ 25. Ne5 Ne4 26. Rd1 Nxf2 27. Rd5 Ng4 28. a4 Nxe5 29. Bxe5 Kf7 30. Kd3 Ke6 31. Kc4 Rf8 32. g3 Rf2 33. Bc3 Ra2 34. Re5+ Kd6 35. Rg5 Rxa4+ 36. Kb5 Re4 37. h5 a6+ 38. Kxa6 Kc6 39. Ka7 Ra4+ 40. Kb8 Bd6+ 0-1

[Event "Medellin Raza op"]
[Site "Medellin"]
[Date "2021.10.07"]
[Round "3"]
[White "Araujo Sanchez, Josue"]
[Black "Castano, Jhon Edison"]
[Result "1-0"]
[WhiteElo "2332"]
[BlackElo "2061"]
[PlyCount "69"]
[EventDate "2021.10.06"]
[EventType "swiss"]
[EventRounds "9"]
[EventCountry "COL"]
[SourceTitle "EXT 2023"]
[Source "ChessBase"]
[SourceDate "2022.10.05"]
[SourceVersion "1"]
[SourceVersionDate "2022.10.05"]
[SourceQuality "1"]

1. e4 c5 2. Nf3 d6 3. Bb5+ Nd7 4. 0-0 a6 5. Bxd7+ Bxd7 6. d4 cxd4 7. Qxd4 e5 8. Qd3 Qc7 9. c4 Rc8 10. b3 b5 11. Na3 Qa5 12. Rd1 Nf6 13. cxb5 axb5 14. Nb1 Bc6 15. Nfd2 Be7 16. Bb2 0-0 17. Nc3 Rfe8 18. a3 Bf8 19. b4 Qa8 20. Re1 Qb7 21. Nf1 Rcd8 22. Qe2 d5 23. exd5 Nxd5 24. Nxd5 Bxd5 25. Ne3 Be4 26. Rad1 f6 27. h4 Kh8 28. Qg4 Bd3 29. Rd2 Be7 30. Red1 Bg6 31. h5 Rxd2 32. Rxd2 f5 33. Nxf5 Bxf5 34. Qxf5 Rf8 35. Qd7 1-0

[Event "American Continental 13th"]
[Site "Medellin"]
[Date "2017.06.17"]
[Round "10"]
[White "Castano, Jhon Edison"]
[Black "Markzon, Gregory"]
[Result "1/2-1/2"]
[WhiteElo "2088"]
[BlackElo "2222"]
[PlyCount "48"]
[EventDate "2017.06.10"]
[EventType "swiss"]
[EventRounds "11"]
[EventCountry "COL"]
[SourceTitle "CBM 178 Extra"]
[Source "ChessBase"]
[SourceDate "2017.06.22"]
[SourceVersion "1"]
[SourceVersionDate "2017.06.22"]
[SourceQuality "1"]

1. d4 Nf6 2. c4 g6 3. Nc3 Bg7 4. e4 d6 5. Be2 0-0 6. Nf3 e5 7. d5 a5 8. Bg5 h6 9. Bh4 g5 10. Bg3 Nh5 11. h4 g4 12. Nh2 Nxg3 13. fxg3 h5 14. 0-0 Na6 15. Bd3 Nc5 16. Rf2 Bd7 17. Nf1 f5 18. exf5 e4 19. Bc2 Bxf5 20. Qd2 Bd7 21. Qg5 Nd3 22. Bxd3 exd3 23. Re1 Rf7 24. Kh2 Ra6 1/2-1/2

[Event "American Continental 13th"]
[Site "Medellin"]
[Date "2017.06.14"]
[Round "7"]
[White "Blandon, Luis Guillermo"]
[Black "Castano, Jhon Edison"]
[Result "1-0"]
[WhiteElo "2269"]
[BlackElo "2088"]
[PlyCount "53"]
[EventDate "2017.06.10"]
[EventType "swiss"]
[EventRounds "11"]
[EventCountry "COL"]
[SourceTitle "CBM 178 Extra"]
[Source "ChessBase"]
[SourceDate "2017.06.22"]
[SourceVersion "1"]
[SourceVersionDate "2017.06.22"]
[SourceQuality "1"]

1. e4 c5 2. Nf3 d6 3. d4 cxd4 4. Nxd4 Nf6 5. Nc3 a6 6. Bg5 e6 7. f4 Qc7 8. Qf3 Nc6 9. 0-0-0 Bd7 10. Nxc6 bxc6 11. Bxf6 gxf6 12. f5 Rb8 13. Bc4 Qb7 14. b3 Rg8 15. Rhe1 Qb4 16. Qh3 Ke7 17. fxe6 fxe6 18. Qxh7+ Rg7 19. Qh3 Rg6 20. e5 Bh6+ 21. Kb2 Qxc4 22. Re4 Qc5 23. Qh5 Rg5 24. exd6+ Qxd6 25. Qxh6 Qc7 26. Qh7+ Kd8 27. Rxe6 1-0

[Event "American Continental 13th"]
[Site "Medellin"]
[Date "2017.06.11"]
[Round "3"]
[White "Guerrero Sierra, Juan Carlos"]
[Black "Castano, Jhon Edison"]
[Result "1-0"]
[WhiteElo "2303"]
[BlackElo "2088"]
[PlyCount "79"]
[EventDate "2017.06.10"]
[EventType "swiss"]
[EventRounds "11"]
[EventCountry "COL"]
[SourceTitle "CBM 178 Extra"]
[Source "ChessBase"]
[SourceDate "2017.06.22"]
[SourceVersion "1"]
[SourceVersionDate "2017.06.22"]
[SourceQuality "1"]

1. e4 c5 2. Nf3 d6 3. d4 cxd4 4. Nxd4 Nf6 5. Nc3 a6 6. h3 e6 7. g4 Be7 8. Bg2 0-0 9. g5 Nfd7 10. h4 Re8 11. Qe2 Nc6 12. Be3 Qc7 13. 0-0-0 Na5 14. h5 Nf8 15. g6 Bf6 16. gxf7+ Qxf7 17. f4 e5 18. Nb3 Nxb3+ 19. axb3 exf4 20. Bd4 Be5 21. Kb1 Ne6 22. Bb6 Ng5 23. Bf3 Be6 24. Nd5 Rac8 25. c3 Qd7 26. Rhg1 h6 27. Rd3 Qb5 28. c4 Qc6 29. Bd4 b5 30. Rc1 Qb7 31. Bxe5 dxe5 32. c5 a5 33. Bg4 b4 34. Bxe6+ Rxe6 35. Qg4 Kh8 36. Qf5 Qf7 37. Nb6 Rb8 38. Qxf7 Nxf7 39. c6 Rxb6 40. c7 1-0

[Event "Medellin Easter op 7th"]
[Site "Medellin"]
[Date "2017.04.15"]
[Round "7"]
[White "Castano, Jhon Edison"]
[Black "Garces Trujillo, Luis Javier"]
[Result "1-0"]
[WhiteElo "2101"]
[BlackElo "1930"]
[PlyCount "103"]
[EventDate "2017.04.12"]
[EventType "swiss"]
[EventRounds "8"]
[EventCountry "COL"]
[SourceTitle "CBM 177 Extra"]
[Source "ChessBase"]
[SourceDate "2017.04.27"]
[SourceVersion "1"]
[SourceVersionDate "2017.04.27"]
[SourceQuality "1"]

1. d4 d5 2. c4 c6 3. Nf3 Nf6 4. Nbd2 a6 5. g3 b5 6. b3 Bf5 7. Bg2 e6 8. 0-0 Bb4 9. Bb2 Ne4 10. a3 Be7 11. Rc1 Nd7 12. cxd5 cxd5 13. Ne5 Nxe5 14. dxe5 Nxd2 15. Qxd2 0-0 16. Rc6 Qd7 17. Rfc1 Rac8 18. Rxc8 Rxc8 19. e4 Bg6 20. exd5 exd5 21. Qxd5 Rxc1+ 22. Bxc1 Qc8 23. Qc6 Qxc6 24. Bxc6 b4 25. a4 Bc5 26. Kg2 Kf8 27. Kf3 Bc2 28. Bd5 Bd1+ 29. Ke4 Bc2+ 30. Kf4 Bxf2 31. Be3 Be1 32. Bc5+ Ke8 33. Ke3 Bf5 34. Bc4 Bc2 35. Bxa6 Bxb3 36. Bb5+ Kd8 37. a5 Bd5 38. Bd4 b3 39. a6 Kc7 40. Kd3 Bg2 41. Ke2 Bb4 42. Bc4 Bc6 43. Kd3 Bg2 44. Ke3 f6 45. exf6 gxf6 46. Bxf6 Bc5+ 47. Kf4 Kb6 48. Bxb3 Kxa6 49. Bc2 h6 50. Kg4 Kb6 51. Bg7 Be3 52. Kh5 1-0

[Event "Florencia San Pedrino-Caqueta"]
[Site "Florencia"]
[Date "2015.06.21"]
[Round "7.1"]
[White "Cadena Montoya, Gustavo Adolfo"]
[Black "Castano, Jhon Edison"]
[Result "0-1"]
[WhiteElo "2189"]
[BlackElo "2071"]
[PlyCount "110"]
[EventDate "2015.06.18"]
[EventType "swiss"]
[EventRounds "7"]
[EventCountry "COL"]
[SourceTitle "EXT 2024"]
[Source "ChessBase"]
[SourceDate "2023.10.10"]
[SourceVersion "1"]
[SourceVersionDate "2023.10.10"]
[SourceQuality "1"]

1. d4 g6 2. c4 Bg7 3. Nf3 c5 4. d5 d6 5. e4 Nf6 6. Nc3 0-0 7. Be2 Na6 8. 0-0 Bg4 9. Bd2 Nc7 10. Qb3 Nd7 11. Rfe1 h6 12. Nd1 Rb8 13. Bc3 e5 14. Ne3 Bxf3 15. Bxf3 b5 16. Ba5 bxc4 17. Qc2 Nb6 18. Be2 Nb5 19. Bxc4 Nd4 20. Qd1 Qh4 21. Bf1 Qxe4 22. Rc1 Qh4 23. b4 cxb4 24. Rc7 Nc8 25. Ba6 Bf6 26. Ng4 h5 27. Nh6+ Kg7 28. Nxf7 Rxf7 29. Rxf7+ Kxf7 30. Bc7 Rb5 31. Bxc8 Rc5 32. g3 Qg5 33. h4 Qh6 34. Bg4 Rxc7 35. Qxd4 hxg4 36. Qxg4 Kf8 37. Qxb4 Rd7 38. Qg4 Rf7 39. Rb1 Kg7 40. Qc8 Be7 41. Rb8 Bf8 42. Rb7 Qh5 43. Rxf7+ Kxf7 44. Qe6+ Kg7 45. Qd7+ Kh6 46. Qf7 Qf5 47. Qxa7 e4 48. Qd4 Bg7 49. Qd2+ Kh5 50. a4 Bh6 51. Qe2+ Qf3 52. Kf1 Bg7 53. Ke1 Bc3+ 54. Kd1 Kg4 55. Qxf3+ Kxf3 0-1

[Event "Medellin Flores op 20th"]
[Site "Medellin"]
[Date "2014.08.10"]
[Round "8"]
[White "Martinez, Mauricio"]
[Black "Castano, Jhon Edison"]
[Result "0-1"]
[WhiteElo "1981"]
[BlackElo "2094"]
[PlyCount "130"]
[EventDate "2014.08.06"]
[EventType "swiss"]
[EventRounds "9"]
[EventCountry "COL"]
[SourceTitle "CBM 162 Extra"]
[Source "ChessBase"]
[SourceDate "2014.10.17"]
[SourceVersion "1"]
[SourceVersionDate "2014.10.17"]
[SourceQuality "1"]

1. e4 c5 2. Nf3 d6 3. c3 Nf6 4. Be2 Nbd7 5. Qc2 Qc7 6. d4 cxd4 7. Nxd4 e5 8. Nb5 Qc6 9. Nd2 a6 10. Na3 d5 11. exd5 Nxd5 12. Nac4 b5 13. Ne3 Nxe3 14. fxe3 Qb6 15. Nf1 Nc5 16. e4 Bb7 17. Be3 Qc6 18. Ng3 Be7 19. 0-0 0-0 20. Nf5 Bf6 21. Bf3 Rad8 22. Rad1 Bc8 23. Ng3 Be6 24. b3 Rc8 25. Kh1 Nd7 26. Bd2 Rfe8 27. Qd3 a5 28. Qe2 a4 29. Bg4 axb3 30. Bxe6 Qxe6 31. axb3 Rb8 32. Rb1 Rec8 33. Nf5 Nc5 34. Qg4 Kh8 35. Nh6 Qxg4 36. Nxg4 Nxe4 37. Be1 Rb6 38. Rc1 Bg5 39. Rc2 f6 40. g3 h5 41. Nf2 Nxf2+ 42. Rfxf2 Rbc6 43. Rfe2 Kh7 44. Re4 Rd6 45. Kg2 Kg6 46. Kf1 Ra8 47. Ree2 Ra3 48. Rb2 Kf5 49. c4 bxc4 50. bxc4 Rd1 51. Kg2 Rc1 52. Rbc2 Raa1 53. Bf2 Rxc2 54. Rxc2 Rc1 55. Rxc1 Bxc1 56. Kf3 e4+ 57. Ke2 Ke5 58. Bc5 g5 59. h3 f5 60. Be7 Kd4 61. c5 Kd5 62. Kf2 f4 63. g4 hxg4 64. hxg4 f3 65. Bd6 Ba3 0-1

[Event "Medellin Flores op 20th"]
[Site "Medellin"]
[Date "2014.08.09"]
[Round "7"]
[White "Castano, Jhon Edison"]
[Black "Uribe Valencia, Victor Alexis"]
[Result "0-1"]
[WhiteElo "2094"]
[BlackElo "1815"]
[PlyCount "106"]
[EventDate "2014.08.06"]
[EventType "swiss"]
[EventRounds "9"]
[EventCountry "COL"]
[SourceTitle "CBM 162 Extra"]
[Source "ChessBase"]
[SourceDate "2014.10.17"]
[SourceVersion "1"]
[SourceVersionDate "2014.10.17"]
[SourceQuality "1"]

1. d4 d5 2. c4 c6 3. Nc3 Nf6 4. Nf3 dxc4 5. a4 Bf5 6. e3 e6 7. Bxc4 Bb4 8. 0-0 0-0 9. Qe2 Nbd7 10. e4 Bg6 11. Bg5 h6 12. Bxf6 Nxf6 13. e5 Nd5 14. Nxd5 cxd5 15. Bd3 Bxd3 16. Qxd3 Qb6 17. Rfc1 Rac8 18. Rc2 Rc6 19. Rac1 Rfc8 20. g3 Rxc2 21. Rxc2 Rc6 22. Qb3 Rxc2 23. Qxc2 Qc6 24. Qxc6 bxc6 25. Kf1 c5 26. dxc5 Bxc5 27. Ne1 Bd4 28. Nd3 f6 29. exf6 gxf6 30. Nf4 Kf7 31. b3 Ke7 32. Ke2 Kd6 33. g4 Be5 34. Nh5 Kc5 35. f4 Bd6 36. Ng7 e5 37. fxe5 Bxe5 38. h4 Kb4 39. Nf5 Bf4 40. Ne7 Kxb3 41. Nxd5 Bg3 42. Nxf6 Bxh4 43. Ne4 Kxa4 44. Nc3+ Kb3 45. Kd3 a5 46. Ne4 Be7 47. Nd2+ Kb4 48. Ne4 a4 49. Nc3 a3 50. Kc2 Kc4 51. Ne2 Bf6 52. Nc1 Kd4 53. Kb3 Be7 0-1

[Event "Medellin Flores op 20th"]
[Site "Medellin"]
[Date "2014.08.07"]
[Round "3"]
[White "Rodriguez, Jose Luis"]
[Black "Castano, Jhon Edison"]
[Result "0-1"]
[WhiteElo "2025"]
[BlackElo "2094"]
[PlyCount "100"]
[EventDate "2014.08.06"]
[EventType "swiss"]
[EventRounds "9"]
[EventCountry "COL"]
[SourceTitle "CBM 162 Extra"]
[Source "ChessBase"]
[SourceDate "2014.10.17"]
[SourceVersion "1"]
[SourceVersionDate "2014.10.17"]
[SourceQuality "1"]

1. e4 c5 2. Nf3 d6 3. d3 g6 4. g3 Bg7 5. Bg2 Bg4 6. Nbd2 Nc6 7. h3 Bxf3 8. Bxf3 Nd4 9. Bg2 Nf6 10. 0-0 0-0 11. c3 Nc6 12. f4 Rb8 13. Qe1 Nd7 14. g4 Rc8 15. a4 a6 16. e5 dxe5 17. f5 e4 18. Bxe4 Nde5 19. Qg3 Qd7 20. Nc4 Nxc4 21. dxc4 Na5 22. Bf4 Rfd8 23. Qf3 b6 24. fxg6 hxg6 25. Rad1 Qe8 26. Rxd8 Rxd8 27. Bc7 Rd2 28. b4 Nxc4 29. Bc6 Qf8 30. bxc5 bxc5 31. Qf4 Rd6 32. Bxd6 Nxd6 33. Qe3 c4 34. Bd5 Qe8 35. Qf3 Bf6 36. g5 Bg7 37. h4 e6 38. Bc6 Qd8 39. Rb1 Nf5 40. h5 Qxg5+ 41. Kf1 Bf8 42. hxg6 Qxg6 43. Rb2 Nh4 44. Qf4 Qd3+ 45. Re2 Ng6 46. Qg4 Bc5 47. Kg2 Qd1 48. Qxc4 Qg1+ 49. Kh3 Qf1+ 50. Kg3 Bd6+ 0-1

[Event "Antioquia op"]
[Site "Medellin"]
[Date "2014.04.07"]
[Round "7"]
[White "Cardona, Juan Ricardo"]
[Black "Castano, Jhon Edison"]
[Result "1-0"]
[WhiteElo "1733"]
[BlackElo "2078"]
[PlyCount "55"]
[EventDate "2014.04.03"]
[EventType "swiss"]
[EventRounds "7"]
[EventCountry "COL"]
[SourceTitle "CBM 159 Extra"]
[Source "ChessBase"]
[SourceDate "2014.04.24"]
[SourceVersion "1"]
[SourceVersionDate "2014.04.24"]
[SourceQuality "1"]

1. e4 c5 2. Nf3 d6 3. d4 cxd4 4. Nxd4 Nf6 5. Nc3 Nc6 6. Be3 e6 7. Be2 Be7 8. 0-0 0-0 9. f4 Qc7 10. Ndb5 Qb8 11. Bf3 Bd7 12. Qe2 a6 13. Nd4 Re8 14. Nb3 a5 15. a4 Nb4 16. Rad1 Bc6 17. Nb5 b6 18. c3 Na6 19. e5 Bxf3 20. Qxf3 dxe5 21. fxe5 Qxe5 22. Bxb6 Nc5 23. Rfe1 Nfe4 24. Nxc5 Bxc5+ 25. Bxc5 Qxc5+ 26. Qe3 Red8 27. Rd4 f5 28. Rxe4 1-0

[Event "Antioquia op"]
[Site "Medellin"]
[Date "2014.04.06"]
[Round "6"]
[White "Castano, Jhon Edison"]
[Black "Arenas Vanegas, David"]
[Result "0-1"]
[WhiteElo "2078"]
[BlackElo "2437"]
[PlyCount "68"]
[EventDate "2014.04.03"]
[EventType "swiss"]
[EventRounds "7"]
[EventCountry "COL"]
[SourceTitle "CBM 159 Extra"]
[Source "ChessBase"]
[SourceDate "2014.04.24"]
[SourceVersion "1"]
[SourceVersionDate "2014.04.24"]
[SourceQuality "1"]

1. d4 Nf6 2. c4 g6 3. Nc3 Bg7 4. e4 d6 5. Nf3 0-0 6. Be2 e5 7. 0-0 Nbd7 8. d5 Nc5 9. Qc2 a5 10. Bg5 Qe8 11. Nb5 Na6 12. a3 Bd7 13. Nd2 Kh8 14. Qc3 Qb8 15. Qf3 Ng8 16. b4 c6 17. Nxd6 Qxd6 18. c5 Qb8 19. Nc4 cxd5 20. Nb6 dxe4 21. Qc3 Qc7 22. Rad1 Be6 23. Nxa8 Rxa8 24. Rd6 axb4 25. axb4 Nb8 26. Bd8 Qc8 27. Bc4 Bxc4 28. Qxc4 Nc6 29. Rfd1 Nd4 30. Qxf7 Qg4 31. Rb1 Ne2+ 32. Kf1 Nf4 33. g3 Qe2+ 34. Kg1 e3 0-1

[Event "COL-ch sf"]
[Site "Medellin"]
[Date "2014.??.??"]
[Round "5"]
[White "Tovio, Israel"]
[Black "Castano, Jhon Edison"]
[Result "1-0"]
[WhiteElo "2314"]
[BlackElo "2078"]
[PlyCount "187"]
[EventDate "2014.04.15"]
[EventType "swiss"]
[EventRounds "11"]
[EventCountry "COL"]
[SourceTitle "CBM 160 Extra"]
[Source "ChessBase"]
[SourceDate "2014.07.01"]
[SourceVersion "1"]
[SourceVersionDate "2014.07.01"]
[SourceQuality "1"]

1. e4 c5 2. Nf3 d6 3. Bb5+ Nd7 4. 0-0 Ngf6 5. Re1 a6 6. Bd3 Ne5 7. Nxe5 dxe5 8. Qf3 g6 9. b3 Bg7 10. a4 h5 11. h3 g5 12. Qe3 Qd4 13. Nc3 Be6 14. Ba3 Rc8 15. a5 g4 16. h4 Bh6 17. Qxd4 exd4 18. Nb1 Nd7 19. Bb2 Ne5 20. Bf1 Nc6 21. Bc1 Rg8 22. d3 Bxc1 23. Rxc1 Kd7 24. g3 Rcf8 25. Bg2 f5 26. exf5 Rxf5 27. Bxc6+ Kxc6 28. Re1 Bd5 29. Nd2 Rgf8 30. Re2 Kb5 31. Nc4 Kb4 32. Ra4+ Kc3 33. Ra3 Kb4 34. Ra4+ Kb5 35. Ra1 R8f6 36. Nb6 Re6 37. Rxe6 Bxe6 38. Re1 Rf6 39. Na4 Bd5 40. Rxe7 Kb4 41. Re5 Bc6 42. Nxc5 Kc3 43. Ne4+ Bxe4 44. Rxe4 Rf5 45. Re2 Rxa5 46. Kg2 Rf5 47. Kf1 a5 48. Ke1 b5 49. Kd1 a4 50. bxa4 bxa4 51. Kc1 a3 52. Re8 Rxf2 53. Rc8+ Kb4 54. Rb8+ Ka4 55. Ra8+ Kb4 56. Rb8+ Kc5 57. Ra8 Kb4 58. Rb8+ Ka5 59. Ra8+ Kb5 60. Rxa3 Rg2 61. Ra8 Rxg3 62. Rh8 Rg1+ 63. Kb2 Rh1 64. Rxh5+ Kc6 65. Kb3 Rh2 66. Kc4 Rxc2+ 67. Kxd4 g3 68. Rh6+ Kd7 69. Ke3 Rh2 70. Kf3 Rd2 71. Ke3 Rh2 72. h5 Rh1 73. Kf3 Rd1 74. Kxg3 Rxd3+ 75. Kg4 Ke7 76. Rg6 Rd5 77. h6 Kf7 78. h7 Kxg6 79. h8Q Rd6 80. Qe5 Rb6 81. Qe8+ Kg7 82. Qe5+ Kg6 83. Qe4+ Kf7 84. Qd5+ Ke7 85. Kf5 Rd6 86. Qc5 Kd7 87. Ke5 Re6+ 88. Kd5 Rh6 89. Qa7+ Ke8 90. Qc7 Rh5+ 91. Ke6 Rh6+ 92. Kf5 Rh5+ 93. Kf6 Rh6+ 94. Kg7 1-0

[Event "Medellin Semana Santa op"]
[Site "Medellin"]
[Date "2013.03.31"]
[Round "7"]
[White "Castano, Jhon Edison"]
[Black "Vittorino, Carlo Giovanni"]
[Result "0-1"]
[WhiteElo "2069"]
[BlackElo "2306"]
[PlyCount "71"]
[EventDate "2013.03.27"]
[EventType "swiss"]
[EventRounds "7"]
[EventCountry "COL"]
[SourceTitle "CBM 153 Extra"]
[Source "ChessBase"]
[SourceDate "2013.04.22"]
[SourceVersion "1"]
[SourceVersionDate "2013.04.22"]
[SourceQuality "1"]

1. d4 Nf6 2. c4 e6 3. Nc3 Bb4 4. e3 0-0 5. Bd3 c5 6. a3 Bxc3+ 7. bxc3 Nc6 8. Nf3 d6 9. 0-0 e5 10. Ng5 Qe7 11. Ne4 Nxe4 12. Bxe4 Na5 13. dxc5 dxc5 14. Qa4 Qc7 15. Rd1 Rd8 16. Rxd8+ Qxd8 17. Bb2 Bd7 18. Qc2 Qh4 19. Rd1 Be6 20. g3 Qh5 21. Bd5 Nxc4 22. Bxe6 fxe6 23. Rd7 Qf3 24. e4 b5 25. Bc1 a6 26. Rd3 Qf7 27. Kg2 Rf8 28. Qe2 h6 29. f3 Qc7 30. Qd1 Rf7 31. h4 Kh7 32. Rd8 Nb6 33. Qd6 Qxd6 34. Rxd6 Nc4 35. Rc6 Re7 36. Kf2 0-1

[Event "Medellin IRT op"]
[Site "Medellin"]
[Date "2012.08.07"]
[Round "9"]
[White "Castano, Jhon Edison"]
[Black "Vallejo, Humberto"]
[Result "1-0"]
[WhiteElo "2057"]
[BlackElo "2091"]
[PlyCount "123"]
[EventDate "2012.08.03"]
[EventType "swiss"]
[EventRounds "9"]
[EventCountry "COL"]
[SourceTitle "CBM 149 Extra"]
[Source "ChessBase"]
[SourceDate "2012.08.24"]
[SourceVersion "1"]
[SourceVersionDate "2012.08.24"]
[SourceQuality "1"]

1. d4 Nf6 2. c4 e6 3. Nc3 c5 4. d5 exd5 5. cxd5 d6 6. Nf3 g6 7. e4 Bg7 8. Qc2 0-0 9. Bd3 Re8 10. 0-0 Nbd7 11. Bg5 h6 12. Bh4 a6 13. a4 Qa5 14. Bg3 Bf8 15. Nd2 Nh5 16. Nc4 Qc7 17. Bh4 Nf4 18. Bg3 Nxd3 19. Qxd3 Nf6 20. a5 Nh5 21. Rfe1 Bd7 22. Na4 Bxa4 23. Rxa4 f5 24. e5 dxe5 25. Bxe5 Rad8 26. Raa1 Qf7 27. Rad1 Nf6 28. Bxf6 Rxe1+ 29. Rxe1 Qxf6 30. b3 Qd4 31. Qg3 g5 32. h4 f4 33. Qh3 Qxd5 34. hxg5 Qxg5 35. Qe6+ Kg7 36. Ne5 Qf6 37. Qg4+ Kh7 38. Nc4 Rd5 39. Re6 Qg5 40. Qe2 Qf5 41. Nb6 f3 42. Qxf3 Qxf3 43. gxf3 Rd1+ 44. Kg2 Rb1 45. Re8 Bg7 46. Rc8 Bd4 47. Rc7+ Kg6 48. Rxb7 Rxb3 49. Ra7 c4 50. Rxa6 c3 51. Nd5+ Kg5 52. f4+ Kh5 53. Rc6 Rb2 54. Nxc3 Rxf2+ 55. Kg3 Rc2 56. a6 Bxc3 57. Rc5+ Kg6 58. Rc6+ Kf7 59. Rc7+ Ke8 60. a7 Be1+ 61. Kg4 Rxc7 62. a8Q+ 1-0

[Event "Medellin IRT op"]
[Site "Medellin"]
[Date "2012.08.06"]
[Round "6"]
[White "Lora, Joel Fernando"]
[Black "Castano, Jhon Edison"]
[Result "1-0"]
[WhiteElo "2147"]
[BlackElo "2057"]
[PlyCount "125"]
[EventDate "2012.08.03"]
[EventType "swiss"]
[EventRounds "9"]
[EventCountry "COL"]
[SourceTitle "CBM 149 Extra"]
[Source "ChessBase"]
[SourceDate "2012.08.24"]
[SourceVersion "1"]
[SourceVersionDate "2012.08.24"]
[SourceQuality "1"]

1. Nf3 Nf6 2. b3 b6 3. Bb2 Bb7 4. e3 g6 5. Be2 Bg7 6. 0-0 0-0 7. d3 d6 8. Nbd2 Nbd7 9. Re1 e5 10. e4 Nc5 11. Bf1 Nh5 12. d4 Nd7 13. dxe5 dxe5 14. Ba3 Re8 15. Bc4 Qf6 16. g3 h6 17. Qe2 a6 18. Rad1 b5 19. Bd3 Nf8 20. Bb2 Bc8 21. Kg2 Qe6 22. Ng1 Kh7 23. Ndf3 Nd7 24. c3 Nc5 25. Bc2 Qf6 26. h3 Bb7 27. Kh2 Rad8 28. Rxd8 Rxd8 29. c4 b4 30. Bxe5 Qe7 31. Bxg7 Nxg7 32. Qe3 Nge6 33. Ne2 Qf6 34. Nf4 Qb2 35. Bb1 Nxf4 36. gxf4 Ne6 37. Kg3 Nd4 38. Ne5 Kg7 39. Nd3 Qc3 40. Nc5 Bc8 41. Kg2 Nc6 42. Qxc3+ bxc3 43. Rc1 Rd2 44. Rxc3 Rb2 45. Rc1 g5 46. Rd1 a5 47. f5 Nb4 48. Kf1 Kf6 49. e5+ Ke7 50. e6 fxe6 51. f6+ Kxf6 52. Na4 Rxb1 53. Rxb1 Nxa2 54. Nc5 e5 55. Kg2 Nb4 56. Ra1 Nc6 57. Kg3 Kf5 58. h4 gxh4+ 59. Kxh4 Kf4 60. Kh5 e4 61. Kxh6 e3 62. fxe3+ Kxe3 63. Rd1 1-0

[Event "Medellin op"]
[Site "Medellin"]
[Date "2011.04.??"]
[Round "6"]
[White "Nino, Juan Camilo"]
[Black "Castano, Jhon Edison"]
[Result "1-0"]
[WhiteElo "2030"]
[BlackElo "2079"]
[PlyCount "69"]
[EventDate "2011.04.??"]
[EventType "swiss"]
[EventRounds "9"]
[EventCountry "COL"]
[SourceTitle "CBM 142 Extra"]
[Source "ChessBase"]
[SourceDate "2011.06.27"]
[SourceVersion "1"]
[SourceVersionDate "2011.06.27"]
[SourceQuality "1"]

1. e4 c5 2. Nc3 Nc6 3. g3 g6 4. Bg2 Bg7 5. f4 d6 6. d3 Nf6 7. Nf3 0-0 8. 0-0 Rb8 9. h3 e5 10. f5 d5 11. Bg5 dxe4 12. dxe4 Qxd1 13. Raxd1 Re8 14. Bxf6 Bxf6 15. Nd5 Bd8 16. g4 Nb4 17. c3 Nxd5 18. Rxd5 f6 19. Rfd1 Bc7 20. Bf1 Kf8 21. Bb5 Re7 22. b3 Ba5 23. Kf1 a6 24. b4 cxb4 25. cxb4 Bxb4 26. Rd8+ Kg7 27. Bd7 Rxd7 28. R1xd7+ Bxd7 29. Rxb8 Bc6 30. Rc8 Bxe4 31. Rc7+ Kh6 32. fxg6 hxg6 33. g5+ fxg5 34. Nxe5 g4 35. Rc4 1-0